000
00320 a2200133 4500
005
20260318153348.0
020
_a
9789383101399
084
_2
CC
_a
G91
100
_a
NEELAM TYAGI
_9
9957
245
_a
Handbook of general microbiology
260
_b
Agrotech press,
_c
2025,
_a
New Delhi
300
_a
254p.
942
_c
BK
_2
CC
999
_c
756183
_d
756183